000 05950nam a22005777a 4500
005 20080929101452.0
010 _aHIN-92401 B-443021-043
020 _c225.00
_a9788126719822
035 _aHN-64747
035 _a B-443021-043
037 _bDBAD / PUB
037 _bके.के.पब्लिकेशंस
082 _a
100 _aअसगर वज़ाहत
_936999
245 _aमन-माटी /
_cअसगर वज़ाहत
246 _aMan-Maati
_bby Asgar Wazahat
260 _aनई दिल्ली
_bराजकमल प्रकाशन
_c2011
270 _a1-बी, नेताजी सुभाष मार्ग
_bनई दिल्ली
_e110002
300 1 _a160पृ.
_c22सेमी (सजिल्द)
650 _aहिन्दी कथा साहित्य
_9657
650 _aHindi Novel
_937000
700 _926643
700 _927078
710 _926662
942 _2ddc
_cHN
_mअसग
_h
999 _c51691
_d51691